000
00279nam a2200109Ia 4500
008
200302s9999 xx 000 0 und d
100
_a
Drew Plunkett & Other
245
_a
Detail in Contemporery Retail Design
260
_b
Laurence King Publishing
260
_c
2012
300
_a
192
999
_c
3370
_d
3370